000 00470nam a2200181 a 4500
001 1758620201662
003 YourLibrary
005 20250923150819.0
008 250923s2009##################000#0#eng##
020 _a9781420059854
082 0 4 _a577.015
_bCAN
100 1 _aCantrell, Stephen,
_eauthor.
245 1 0 _aSpatial Ecology :
260 _bChapman and Hall/CRC,
_c2009.
650 0 _aMathematics.
942 _cENGLISH
040 _aYourLibrary
_beng
_cYourLibrary
999 _c589054
_d589054